Patrones de distribución fitogeográficos en latinoamérica de comunidades de especies de plantas registradas en los Andes colombianos (Registro nro. 6342)

Detalles MARC
000 -CABECERA
Campo de control 01121nam a2200229 a 4500
005 - FECHA Y HORA DE LA ULTIMA TRANSACCION
Campo de control 20191224041831.0
008 - ELEMENTOS DE LONGITUD FIJA—INFORMACION GENERAL
Campo de control 140128b2007 ck ||||| |||| 00| 0 spa d
040 ## - FUENTE DE CATALOGACIÓN
Agencia transcriptora CO-BoIH
041 ## - IDIOMA
Código de idioma para texto/pista de sonido o título separado Español
044 ## - PAÍS DE PUBLICACIÓN
País de publicación Colombia
090 ## - CLASIFICACIÓN LOCAL
Colección IAVH
Consecutivo 00849
110 ## - ASIENTO PRINCIPAL--NOMBRE CORPORATIVO
Unidad subordinad Fundación Puerto Rastrojo
245 ## - MENCION DE TITULO
Título Patrones de distribución fitogeográficos en latinoamérica de comunidades de especies de plantas registradas en los Andes colombianos
260 ## - PUBLICACION, DISTRIBUCION, ETC. (PIE DE IMPRENTA)
Lugar de publicación, distribución, etc. Bogotá
Nombre del editor, distribuidor, etc. Instituto Alexander von Humboldt
-- Fundación Puerto Rastrojo
Fecha de publicación, distribución, etc. 2007
300 ## - DESCRIPCION FISICA
Extensión 15 p.
520 ## - NOTA DE RESUMEN, ETC.
Nota de resumen Los resultados del análisis de los patrones de distribución en latinoamérica que presentan las especies de plantas que fueron registradas en muestreos efectuados por el Grupo de Exploración y Monitoreo Ambiental (GEMA) a lo largo de 44 localidades de la región andina del país. Contiene unas generalidades sobre la información recopilada y la identificación de patrones de distribución fitogeográfica
650 ## - ASIENTO SECUNDARIO DE MATERIA - TERMINO TEMATICO
Término temático o nombre geográfico como elemento de entrada Plantas
650 ## - ASIENTO SECUNDARIO DE MATERIA - TERMINO TEMATICO
Término temático o nombre geográfico como elemento de entrada Distribución
650 ## - ASIENTO SECUNDARIO DE MATERIA - TERMINO TEMATICO
Término temático o nombre geográfico como elemento de entrada Patrones
942 ## - ELEMENTOS ADICIONALES (KOHA)
Tipo de ítem Informe Técnico
Sistema de clasificación Local
945 ## - PROCESAMIENTO LOCAL
AAAA-MM-DD - Fecha de ingreso o modificacion 2008-06-25
Existencias
Withdrawn status Lost status Sistema de Clasificación Damaged status No para préstamo Colección Inventariado Ubicación Permanente Ubicación actual Fecha de adquisición Total Checkouts Número topográfico Inventario / Código de Barras Date last seen Ejemplar Price effective from Forma de adquisición Tipo de material
    Local     Humboldt Inventariado 2017 Bogotá Bogotá 25/06/2008   IAVH-00849 026083 09/08/2024 Ej. 1 04/12/2012   Informe Técnico